| 000 | 00922nam a2200277Ia 4500 | ||
|---|---|---|---|
| 005 | 20211111074225.0 | ||
| 008 | 130821s2003 sp fr spa d | ||
| 020 | _a8472453650 (4a.Ed.) | ||
| 040 |
_aCo-BoUCM _bspa _cSaul Niño (Modificó) _d[Nuevo] |
||
| 041 | 0 | 0 | _aspa |
| 092 | 0 | 4 | _aBF 199 |
| 100 | 1 |
_aWilber, Ken _952893 |
|
| 245 | 1 | 0 |
_aBreve historia de todas las cosas _cKen Wilber; traducción de David González Raga |
| 250 | _a4a ed | ||
| 260 |
_aBarcelona (España) _bEditorial Kairos _c2003 |
||
| 300 | _a450 páginas | ||
| 650 | 0 | 4 |
_aCosmología _912048 |
| 650 | 0 | 4 |
_aEspíritu _914936 |
| 650 | 0 | 4 |
_aEvolución _xFilosofía _915359 |
| 650 | 7 |
_aFilosofía de la ciencia _915753 |
|
| 650 | 7 |
_aFilosofía de la evolución _915760 |
|
| 690 | 0 |
_aFilosofía _975 |
|
| 765 | 1 | 0 | _tA brief history of everything. |
| 700 | 1 |
_984565 _aGonzález Raga, David |
|
| 942 |
_cLIBRO _2NLM _a25 _e4 _hBF 199 _mW664b _n0 |
||
| 999 |
_c49580 _d49580 |
||